000
00299nam a22001337a 4500
008
170712b xxu||||| |||| 00| 0 eng d
020
_a
0816118094
041
_a
eng
080
_a
030
100
_a
23
101
_a
ENC
245
_a
ENCYCLOPEDIA OF WORLD CULTURE
_c
HAYS.T.E
942
_2
udc
_c
BK
999
_c
20264
_d
20264